Cultura y modernidad (Record no. 18879)

MARC details
000 -LEADER
campo de control de longitud fija 00979nam a2200313 i 4500
001 - NÚMERO DE CONTROL
campo de control 18879
003 - IDENTIFICADOR DE NÚMERO DE CONTROL
campo de control ES-MaACL
005 - FECHA Y HORA DE LA ÚLTIMA TRANSACCIÓN
campo de control 20250804075414.0
007 - CAMPO FIJO DE DESCRIPCIÓN FÍSICA--INFORMACIÓN GENERAL
campo de control de longitud fija t|
008 - DATOS DE LONGITUD FIJA--INFORMACIÓN GENERAL
campo de control de longitud fija 020408s2001 sp ||||1| spa d
020 ## - NÚMERO INTERNACIONAL ESTÁNDAR DEL LIBRO
Número Internacional Estándar del Libro 84-7245-501-7
080 ## - NÚMERO DE LA CLASIFICACIÓN DECIMAL UNIVERSAL
Número de la Clasificación Decimal Universal 130.2"19"
080 ## - NÚMERO DE LA CLASIFICACIÓN DECIMAL UNIVERSAL
Número de la Clasificación Decimal Universal 1(5)
080 ## - NÚMERO DE LA CLASIFICACIÓN DECIMAL UNIVERSAL
Número de la Clasificación Decimal Universal 1"19"
245 00 - MENCIÓN DEL TÍTULO
Título Cultura y modernidad
Resto del título : perspectivas filosóficas de Oriente y Occidente /
Mención de responsabilidad, etc. R. Rorty ... [et al.] ; edición a cargo de Eliot Deutsch ; traducción del inglés de David Sempau.
250 ## - MENCION DE EDICION
Mención de edición 1ª ed.
260 ## - PUBLICACIÓN, DISTRIBUCIÓN, ETC.
Lugar de publicación, distribución, etc. Barcelona :
Nombre del editor, distribuidor, etc. Kairós,
Fecha de publicación, distribución, etc. 2001.
300 ## - DESCRIPCIÓN FÍSICA
Extensión 443 p. ;
Dimensiones 23 cm.
490 1# - MENCIÓN DE SERIE
Mención de serie Ensayo
650 04 - PUNTO DE ACCESO ADICIONAL DE MATERIA--TÉRMINO DE MATERIA
Término de materia o nombre geográfico como elemento de entrada Civilización-
Subdivisión general Filosofía.
9 (RLIN) 11081
650 17 - PUNTO DE ACCESO ADICIONAL DE MATERIA--TÉRMINO DE MATERIA
Término de materia o nombre geográfico como elemento de entrada Filosofía oriental
Fuente del encabezamiento o término embne
9 (RLIN) 12859
650 14 - PUNTO DE ACCESO ADICIONAL DE MATERIA--TÉRMINO DE MATERIA
Término de materia o nombre geográfico como elemento de entrada Filosofía-
Subdivisión cronológica S.XX.
9 (RLIN) 12826
700 1# - ENTRADA AGREGADA--NOMBRE PERSONAL
Nombre de persona Rorty, Richard.
9 (RLIN) 99561
700 1# - ENTRADA AGREGADA--NOMBRE PERSONAL
Nombre de persona Deutsch, Eliot.
9 (RLIN) 43981
700 1# - ENTRADA AGREGADA--NOMBRE PERSONAL
Nombre de persona Sempau, David.
9 (RLIN) 105397
830 1# - PUNTO DE ACCESO ADICIONAL DE SERIE-TÍTULO UNIFORME
Título uniforme Ensayo
9 (RLIN) 177699
852 ## - LOCALIZACIÓN
Ubicación ES-MaACL
Número de control de estantería L-25362
Holdings
Estatus retirado Estado de pérdida Estado de daño No para préstamo Biblioteca de origen Biblioteca actual Ubicación en estantería Fecha de adquisición Fuente de adquisición Total de préstamos Signatura topográfica completa Código de barras Visto por última vez Precio de reemplazo Tipo de ítem Koha
        Biblioteca del Ateneo de Madrid Biblioteca del Ateneo de Madrid Depósito 2 17/01/2008     L-25362 1019317 23/02/2023 23/02/2023 Libro impreso